El miedo a los medios. Politica, comunicacion y nuevos modos de representacion (Registro nro. 32184)

Detalles MARC
000 -CABECERA
campo de control de longitud fija 00839naa a22002897a 4500
001 - NÚMERO DE CONTROL
campo de control 32184
003 - IDENTIFICADOR DEL NÚMERO DE CONTROL
campo de control 98053
005 - FECHA Y HORA DE LA ÚLTIMA TRANSACCIÓN
campo de control 20201118100835.0
008 - DATOS DE LONGITUD FIJA--INFORMACIÓN GENERAL
campo de control de longitud fija ||||||n9999 ||| || ||
041 ## - CÓDIGO DE LENGUA
Código de lengua del texto/banda sonora o título independiente spa
082 ## - NÚMERO DE LA CLASIFICACIÓN DECIMAL DEWEY
Número de edición 19
Número de clasificación 323
100 ## - ENTRADA PRINCIPAL--NOMBRE DE PERSONA
Nombre de persona Martín-Barbero, Jesús
245 #0 - MENCIÓN DE TÍTULO
Título El miedo a los medios. Politica, comunicacion y nuevos modos de representacion
260 ## - PUBLICACIÓN, DISTRIBUCIÓN, ETC.
Lugar de publicación, distribución, etc. Bogotá :
Nombre del editor, distribuidor, etc. Fundación Friedrich Ebert de Colombia - FESCOL,
Fecha de publicación, distribución, etc. 1997.
300 ## - DESCRIPCIÓN FÍSICA
Extensión pp.13-32
490 ## - MENCIÓN DE SERIE
Mención de serie Debate Político
562 ## - NOTA DE IDENTIFICACIÓN DE LA COPIA Y VERSIÓN
Número de copias 0
650 ## - PUNTO DE ACCESO ADICIONAL DE MATERIA--TÉRMINO DE MATERIA
Término de materia o nombre geográfico como elemento de entrada ANÁLISIS SOCIOLÓGICO
650 ## - PUNTO DE ACCESO ADICIONAL DE MATERIA--TÉRMINO DE MATERIA
Término de materia o nombre geográfico como elemento de entrada COLOMBIA
650 ## - PUNTO DE ACCESO ADICIONAL DE MATERIA--TÉRMINO DE MATERIA
Término de materia o nombre geográfico como elemento de entrada CRISIS POLÍTICA
650 ## - PUNTO DE ACCESO ADICIONAL DE MATERIA--TÉRMINO DE MATERIA
Término de materia o nombre geográfico como elemento de entrada DIFUSION DE LA INFORMACION
650 ## - PUNTO DE ACCESO ADICIONAL DE MATERIA--TÉRMINO DE MATERIA
Término de materia o nombre geográfico como elemento de entrada INFORMACION POLITICA
650 ## - PUNTO DE ACCESO ADICIONAL DE MATERIA--TÉRMINO DE MATERIA
Término de materia o nombre geográfico como elemento de entrada MEDIOS DE COMUNICACIÓN
773 ## - ENLACE AL DOCUMENTO FUENTE/ENTRADA DE REGISTRO ANFITRIÓN
Número bibliográfico anfitrión 32183
Encabezamiento principal La nueva representación política en Colombia
942 ## - ELEMENTOS DE PUNTO DE ACCESO ADICIONAL (KOHA)
Tipo de ítem Koha Libro
942 ## - ELEMENTOS DE PUNTO DE ACCESO ADICIONAL (KOHA)
Tipo de ítem Koha Capítulo de Libro

No hay ítems disponibles.